Rallonges initiales de mots de 6 lettres en -AGE - Statistiques

Statistiques générales
  • Ce quiz a été pris 9 fois
  • Le résultat moyen est 57 sur 216
Statistiques - réponses
Mot en -AGE Taille Rallonge % Correct
MINAGE 2 DÉMINAGE
100%
MÉNAGE 1 AMENAGE
75%
CODAGE 2 DÉCODAGE
75%
VISAGE 2 DÉVISAGE
75%
MÉNAGE 2 EMMÉNAGE
75%
CALAGE 2 RECALAGE
75%
BINAGE 2 DÉBINAGE
63%
CALAGE 2 DÉCALAGE
63%
FILAGE 2 DÉFILAGE
63%
MÉNAGE 2 DÉMÉNAGE
63%
PLIAGE 2 DÉPLIAGE
63%
SALAGE 3 DESSALAGE
63%
LEVAGE 1 ÉLEVAGE
63%
CODAGE 2 ENCODAGE
63%
FILAGE 2 ENFILAGE
63%
VISAGE 2 ENVISAGE
63%
MITAGE 3 HERMITAGE
63%
LAVAGE 2 RELAVAGE
63%
MIXAGE 2 REMIXAGE
63%
DOSAGE 3 SURDOSAGE
63%
TOUAGE 2 TATOUAGE
63%
FINAGE 2 AFFINAGE
50%
VINAGE 1 AVINAGE
50%
LAYAGE 2 BALAYAGE
50%
GAZAGE 2 DÉGAZAGE
50%
LAVAGE 2 DÉLAVAGE
50%
NOYAGE 2 DÉNOYAGE
50%
PAVAGE 2 DÉPAVAGE
50%
POTAGE 2 DÉPOTAGE
50%
ENGAGE 3 DÉSENGAGE
50%
VIDAGE 2 DÉVIDAGE
50%
FUMAGE 2 ENFUMAGE
50%
ROBAGE 2 ENROBAGE
50%
TUBAGE 2 ENTUBAGE
50%
MÉNAGE 4 RÉEMMÉNAGE
50%
ENGAGE 2 RÉENGAGE
50%
POTAGE 3 REMPOTAGE
50%
PAVAGE 2 REPAVAGE
50%
TIRAGE 2 RETIRAGE
50%
PARAGE 1 SPARAGE
50%
MÉNAGE 3 SURMENAGE
50%
FILAGE 2 AFFILAGE
38%
GRÉAGE 1 AGRÉAGE
38%
ROSAGE 2 ARROSAGE
38%
LAMAGE 1 BLÂMAGE
38%
BINAGE 2 BOBINAGE
38%
RIDAGE 1 BRIDAGE
38%
LOUAGE 1 CLOUAGE
38%
BINAGE 4 DÉBOBINAGE
38%
LAYAGE 2 DÉLAYAGE
38%
PICAGE 2 DÉPICAGE
38%
PILAGE 2 DÉPILAGE
38%
RÂPAGE 2 DÉRAPAGE
38%
RAYAGE 2 DÉRAYAGE
38%
RIDAGE 2 DÉRIDAGE
38%
FILAGE 2 EFFILAGE
38%
BINAGE 4 EMBOBINAGE
38%
RAYAGE 3 EMBRAYAGE
38%
PESAGE 2 EMPESAGE
38%
PILAGE 2 EMPILAGE
38%
POTAGE 2 EMPOTAGE
38%
GOBAGE 2 ENGOBAGE
38%
NOUAGE 1 ÉNOUAGE
38%
RAYAGE 2 ENRAYAGE
38%
PILAGE 1 ÉPILAGE
38%
TIRAGE 1 ÉTIRAGE
38%
VIDAGE 1 ÉVIDAGE
38%
LAÇAGE 1 GLAÇAGE
38%
RAVAGE 1 GRAVAGE
38%
ARÉAGE 1 PARÉAGE
38%
LAÇAGE 1 PLACAGE
38%
LAVAGE 3 PRÉLAVAGE
38%
RASAGE 3 PRÉRASAGE
38%
MÉNAGE 3 RÉAMÉNAGE
38%
LEVAGE 2 RELEVAGE
38%
BINAGE 5 REMBOBINAGE
38%
VIRAGE 2 REVIRAGE
38%
FILAGE 3 SURFILAGE
38%
DOPAGE 4 ANTIDOPAGE
25%
LISAGE 2 BALISAGE
25%
LUTAGE 1 BLUTAGE
25%
LAVAGE 1 CLAVAGE
25%
VÊLAGE 2 CUVELAGE
25%
LAYAGE 3 DÉBLAYAGE
25%
RAYAGE 3 DÉBRAYAGE
25%
RIDAGE 3 DÉBRIDAGE
25%
CUVAGE 2 DÉCUVAGE
25%
LAÇAGE 3 DÉGLAÇAGE
25%
LITAGE 2 DÉLITAGE
25%
AÉRAGE 3 DÉSAÉRAGE
25%
FUMAGE 5 DÉSENFUMAGE
25%
TOUAGE 4 DÉTATOUAGE
25%
ZONAGE 2 DÉZONAGE
25%
RAYAGE 1 DRAYAGE
25%
MITAGE 4 DYNAMITAGE
25%
HOUAGE 2 ÉCHOUAGE
25%
CURAGE 1 ÉCURAGE
25%
FANAGE 2 EFFANAGE
25%
CUVAGE 2 ENCUVAGE
25%
LEVAGE 2 ENLEVAGE
25%
VIDAGE 2 ENVIDAGE
25%
MITAGE 2 ERMITAGE
25%
MATAGE 3 FORMATAGE
25%
RAYAGE 1 FRAYAGE
25%
DATAGE 4 HORODATAGE
25%
VÊLAGE 2 NIVELAGE
25%
POTAGE 2 PAPOTAGE
25%
FORAGE 3 PERFORAGE
25%
FILAGE 3 PROFILAGE
25%
FINAGE 3 RAFFINAGE
25%
GRÉAGE 2 RAGRÉAGE
25%
CÉPAGE 2 RECÉPAGE
25%
CURAGE 2 RÉCURAGE
25%
VISAGE 4 RÉENVISAGE
25%
ENGAGE 1 RENGAGE
25%
TAPAGE 2 RETAPAGE
25%
AUNAGE 1 SAUNAGE
25%
RACAGE 1 TRAÇAGE
25%
RAMAGE 1 TRAMAGE
25%
LOUAGE 3 AFFLOUAGE
13%
FOUAGE 2 AFFOUAGE
13%
VINAGE 3 ALEVINAGE
13%
RATAGE 6 ANTIPIRATAGE
13%
RIVAGE 2 ARRIVAGE
13%
RÂPAGE 3 ATTRAPAGE
13%
VÊTAGE 3 BOUVETAGE
13%
RASAGE 1 BRASAGE
13%
VÊTAGE 3 BREVETAGE
13%
MINAGE 4 CALAMINAGE
13%
PELAGE 2 CAPELAGE
13%
POTAGE 2 CAPOTAGE
13%
LUTAGE 3 CHALUTAGE
13%
VIRAGE 3 CHAVIRAGE
13%
VÊTAGE 3 CLAVETAGE
13%
LISAGE 2 COLISAGE
13%
MATAGE 3 COLMATAGE
13%
LAÇAGE 7 CONTREPLACAGE
13%
VOYAGE 3 CONVOYAGE
13%
RASAGE 3 DÉBRASAGE
13%
MINAGE 6 DÉCALAMINAGE
13%
LOUAGE 3 DÉCLOUAGE
13%
DORAGE 2 DÉDORAGE
13%
HALAGE 2 DÉHALAGE
13%
MINAGE 4 DÉLAMINAGE
13%
LUTAGE 2 DÉLUTAGE
13%
MATAGE 2 DÉMÂTAGE
13%
HOUAGE 5 DÉSÉCHOUAGE
13%
RAGAGE 1 DRAGAGE
13%
LAVAGE 3 EMBLAVAGE
13%
FILAGE 4 ÉMORFILAGE
13%
CAVAGE 2 ENCAVAGE
13%
LOUAGE 3 ENCLOUAGE
13%
NOYAGE 2 ENNOYAGE
13%
RIPAGE 2 ÉTRIPAGE
13%
FILAGE 3 FAUFILAGE
13%
TYPAGE 4 GÉNOTYPAGE
13%
DOLAGE 3 GONDOLAGE
13%
ALPAGE 2 INALPAGE
13%
VÊLAGE 2 JAVELAGE
13%
BINAGE 3 LAMBINAGE
13%
MINAGE 2 LAMINAGE
13%
VOYAGE 3 LOUVOYAGE
13%
FILAGE 3 MORFILAGE
13%
FINAGE 5 PARAFFINAGE
13%
FILAGE 3 PARFILAGE
13%
FINAGE 4 PEAUFINAGE
13%
TYPAGE 5 PHÉNOTYPAGE
13%
PÉTAGE 2 PIPETAGE
13%
RATAGE 2 PIRATAGE
13%
TYPAGE 5 PROTOTYPAGE
13%
RÂPAGE 4 RATTRAPAGE
13%
BINAGE 4 REBOBINAGE
13%
LAYAGE 4 REMBLAYAGE
13%
VIDAGE 3 RENVIDAGE
13%
FILAGE 5 REPROFILAGE
13%
MURAGE 3 SAUMURAGE
13%
FOUAGE 3 SERFOUAGE
13%
VIRAGE 3 SURVIRAGE
13%
LUTAGE 2 TALUTAGE
13%
POTAGE 2 TAPOTAGE
13%
VÊLAGE 2 TAVELAGE
13%
CODAGE 5 TRANSCODAGE
13%
FILAGE 3 TRÉFILAGE
13%
MATAGE 3 TRÉMATAGE
13%
POTAGE 3 TRIPOTAGE
13%
POTAGE 2 VAPOTAGE
13%
RÔLAGE 2 VIROLAGE
13%
MINAGE 3 ALUMINAGE
0%
LAVAGE 5 AUTOCLAVAGE
0%
RÔLAGE 5 BANDEROLAGE
0%
RATAGE 5 BIOPIRATAGE
0%
POTAGE 3 CHIPOTAGE
0%
POTAGE 3 CLAPOTAGE
0%
BINAGE 5 CONCUBINAGE
0%
VÊLAGE 5 DÉCERVELAGE
0%
FINAGE 7 DÉPARAFFINAGE
0%
BINAGE 7 DÉSEMBOBINAGE
0%
VINAGE 4 ÉCHEVINAGE
0%
POSAGE 5 ENTREPOSAGE
0%
LAVAGE 3 ESCLAVAGE
0%
VÊLAGE 3 GRAVELAGE
0%
MÉNAGE 3 MALMENAGE
0%
MITAGE 3 MARMITAGE
0%
CÉPAGE 4 MONOCÉPAGE
0%
LISAGE 7 RADIOBALISAGE
0%
TRIAGE 4 RAPATRIAGE
0%
LOUAGE 4 RENFLOUAGE
0%
RAYAGE 4 RENTRAYAGE
0%
VÊTAGE 2 RIVETAGE
0%
VÊTAGE 3 SAUVETAGE
0%
LISAGE 4 SIMILISAGE
0%
TIRAGE 3 SOUTIRAGE
0%
RIPAGE 2 STRIPAGE
0%
VÊLAGE 3 TRAVELAGE
0%
BINAGE 3 TURBINAGE
0%
FORAGE 5 TURBOFORAGE
0%
Aucun quiz correspondant
Distribution des résultats
% des personnes avec chaque résultat
Percentile par nombre de réponses
Votre historique - résultats
Vous n’avez pas pris ce quiz